|
|
|
|
| LEADER |
03959nam a2200469 a 4500 |
| 001 |
0007361 |
| 003 |
BD-DhAAL |
| 005 |
20250818162529.0 |
| 008 |
090720r20171992bg a b f001 0 eng d |
| 010 |
|
|
|a 92910054
|
| 020 |
|
|
|a 9845123376 :
|c Tk1000.00 ($50.00 U.S.)
|
| 040 |
|
|
|a DLC
|c DLC
|d DLC
|d BD-DhAAL
|
| 082 |
0 |
0 |
|a 954.92
|2 20
|
| 245 |
0 |
0 |
|a History of Bangladesh, 1704-1971.
|n Volume three /
|c edited by Sirajul Islam ; editorial assistant, Sajahan Miah.
|
| 250 |
|
|
|a Third edition.
|
| 260 |
|
|
|a Dhaka, Bangladesh :
|b Asiatic Society of Bangladesh :
|b Distributing agent, Academic Publishers,
|c 2007.
|
| 300 |
|
|
|a 553 pages :
|b illustrations, maps ;
|c 25 cm.
|
| 362 |
0 |
|
|a Vol. 3
|
| 504 |
|
|
|a Includes bibliographical references with each chapter.
|
| 505 |
0 |
|
|a v. 3. Social and cultural history.
|
| 520 |
|
|
|a Contributed articles.
|
| 526 |
|
|
|x Salim khan
Sr. program Associate
James P. Grant School
Course name and no. N/A
|
| 541 |
1 |
|
|a Paragon Enterprises(18420)
Hye Trade Inernational, Book Finder International
|e 00018420, 37376, 37377, 41730, 41731, 41732, 41733, 41734
|
| 651 |
|
0 |
|a Bangladesh
|x History.
|9 1851
|
| 651 |
|
0 |
|a Bengal (India)
|x History.
|9 1852
|
| 700 |
1 |
|
|a Islam, Sirajul,
|d 1939-
|9 1853
|
| 700 |
0 |
|
|a Miah, Sajahan
|9 1854
|
| 710 |
2 |
|
|a Asiatic Society of Bangladesh.
|9 1855
|
| 852 |
4 |
|
|a Ayesha Abed Library
|c General Stacks
|
| 942 |
|
|
|2 ddc
|c BK
|
| 999 |
|
|
|c 2562
|d 2562
|
| 952 |
|
|
|0 0
|1 0
|2 ddc
|4 0
|6 954_920000000000000_HIS
|7 0
|9 2333
|a JPGSPH
|b JPGSPH
|c GEN
|d 2009-04-28
|e Paragon Enterprize
|g 2095.00
|l 0
|o 954.92 HIS
|p 3060018420
|r 2009-07-21
|t 1
|w 2009-07-21
|y BK
|x Requisitioned by Salim khan, Sr. program Associate, James P. Grant School. Course name and no. N/A
|
| 952 |
|
|
|0 0
|1 0
|2 ddc
|4 0
|6 954_920000000000000_HIS
|7 0
|9 16266
|a BRACUL
|b BRACUL
|c CIR
|d 2011-05-03
|l 46
|m 24
|o 954.92 HIS
|p 3010009456
|r 2026-03-02
|s 2026-03-02
|t 2
|w 2011-05-03
|y 1HOUR
|x According to Gazi Md. Mizanur Rahman (Assistant Professor, ENH) instruction, the book has been reserved as one hour loan.
|
| 952 |
|
|
|0 0
|1 0
|2 ddc
|4 0
|6 954_920000000000000_HIS
|7 1
|9 16267
|a BRACUL
|b BRACUL
|c CIR
|d 2011-05-03
|l 43
|m 36
|o 954.92 HIS
|p 3010009457
|r 2025-12-15
|s 2025-12-15
|t 3
|w 2011-05-03
|y 1HOUR
|
| 952 |
|
|
|0 0
|1 0
|2 ddc
|4 0
|6 954_920000000000000_HIS
|7 0
|9 16268
|a BRACUL
|b BRACUL
|c CIR
|d 2011-05-03
|l 50
|m 15
|o 954.92 HIS
|p 3010007361
|r 2026-02-26
|s 2026-02-26
|t 4
|w 2011-05-03
|y 1HOUR
|x According to Gazi Md. Mizanur Rahman (Assistant Professor, ENH) instruction, the book has been reserved as one hour loan.
|
| 952 |
|
|
|0 0
|1 0
|2 ddc
|4 0
|6 954_920000000000000_HIS
|7 0
|9 69170
|a SCL
|b SCL
|c GEN
|d 2020-12-09
|e Hye Trade International
|g 829.34
|l 13
|m 14
|o 954.92 HIS
|p 3020037376
|r 2025-03-24
|s 2025-03-11
|t 1
|v 829.34
|w 2020-12-09
|y BK
|x Received during COVID-19 pandemic
|
| 952 |
|
|
|0 0
|1 0
|2 ddc
|4 0
|6 954_920000000000000_HIS
|7 0
|9 69171
|a SCL
|b SCL
|c GEN
|d 2020-12-09
|e Hye Trade International
|g 829.34
|l 11
|m 29
|o 954.92 HIS
|p 3020037377
|r 2025-04-15
|s 2025-04-12
|t 2
|v 829.34
|w 2020-12-09
|y BK
|x Received during COVID-19 pandemic
|
| 952 |
|
|
|0 0
|1 0
|2 ddc
|4 0
|6 954_920000000000000_HIS
|7 0
|9 74366
|a SCL
|b SCL
|c GEN
|d 2023-09-08
|e Book Finder International
|g 742.56
|l 2
|o 954.92 HIS
|p 3020041734
|r 2024-04-29
|s 2024-04-23
|t 9
|v 742.56
|w 2023-09-08
|y BK
|
| 952 |
|
|
|0 0
|1 0
|2 ddc
|4 0
|6 954_920000000000000_HIS
|7 0
|9 74367
|a SCL
|b SCL
|c GEN
|d 2023-09-08
|e Book Finder International
|g 742.56
|l 7
|m 3
|o 954.92 HIS
|p 3020041733
|r 2025-11-15
|s 2025-11-08
|t 8
|v 742.56
|w 2023-09-08
|y BK
|
| 952 |
|
|
|0 0
|1 0
|2 ddc
|4 0
|6 954_920000000000000_HIS
|7 0
|9 74368
|a SCL
|b SCL
|c GEN
|d 2023-09-08
|e Book Finder International
|g 742.56
|l 7
|m 3
|o 954.92 HIS
|p 3020041732
|r 2025-07-13
|s 2025-06-29
|t 7
|v 742.56
|w 2023-09-08
|y BK
|
| 952 |
|
|
|0 0
|1 0
|2 ddc
|4 0
|6 954_920000000000000_HIS
|7 0
|9 74369
|a SCL
|b SCL
|c GEN
|d 2023-09-08
|e Book Finder International
|g 742.56
|l 4
|o 954.92 HIS
|p 3020041731
|r 2025-03-12
|s 2025-03-03
|t 6
|v 742.56
|w 2023-09-08
|y BK
|
| 952 |
|
|
|0 0
|1 0
|2 ddc
|4 0
|6 954_920000000000000_HIS
|7 0
|9 74370
|a SCL
|b SCL
|c GEN
|d 2023-09-08
|e Book Finder International
|g 742.56
|l 7
|m 8
|o 954.92 HIS
|p 3020041730
|r 2025-09-07
|s 2025-08-31
|t 5
|v 742.56
|w 2023-09-08
|y BK
|